Ceny na trzích kapitalistických států a devizové kursy čtvrtletní rekapitulace

Saved in:
Bibliographic Details
Format: Book
Language:Czech
Published: Praha Výzkumný ústav pro zahraniční obchod 1981
Series:Ekonomická informace č. 170
Tags: Add Tag
No Tags, Be the first to tag this record!

MARC

LEADER 00000nam a2200000 4500
001 c128524
005 20041019155243.7
041 0 |a cze 
044 |a CZ 
245 1 0 |a Ceny na trzích kapitalistických států a devizové kursy  |b čtvrtletní rekapitulace 
264 1 |a Praha  |b Výzkumný ústav pro zahraniční obchod  |c 1981 
300 |a 57 s. 
490 1 |a Ekonomická informace  |v č. 170 
830 0 |a Ekonomická informace  |v č. 170